Регионална библиотека "Любен Каравелов" - Русе

Наука и природа (Запис номер 66033)

MARC детайли
000 -Лидер
Контролно поле с фиксирана дължина nam a22 a 4500
003 - Код на организацията, давaща контролен номер
Контролно поле BLK
005 - Дата и час на последна редакция
Контролно поле 20211001091646.0
008 - Елементи от данни с фиксирана дължина
fixed length control field 180408b bul|||||r ||||||| ||bul||
010 ## - Наследен системен номер
LC control number KNG00070319000
020 ## - Международен стандартен номер на книга ISBN
Международен стандартен номер на книга ISBN 954-308-135-2
040 ## - Източник на каталожния запис
Идентификатор на билиотеката - собственик на записа BLK
041 ## - Код за език
Код за езика на текст/звукозапис или на отделно заглавие Български
Код за езика КДБФ Български
080 ## - УДК
Текстов определител УДК Природа. Изучаване и опазване на природната среда. Опазване на растителния и животинския свят. Вж и 55/59
УДК код - определител по УДК 502
УДК определител (031)
УДК - код + определител 502(031)
080 ## - УДК
Текстов определител УДК Геология. Геологически и геофизически науки
УДК код - определител по УДК 55
УДК определител (031)
УДК - код + определител 55(031)
139 ## - Редно поле
Редна дума Наука и природа
Авторски знак Нау - Н 31
245 10 - Сведения за заглавието
Заглавие Наука и природа
Подзаглавни данни Разкрийте тайните на заобикалящите ни чудеса - от скалите до дъгата
Редно поле (дума) прев. Михаела Михайлова.
257 ## - Страна на издаване
Страна на създаване/издаване Великобритания
260 ## - Област на издателските данни
Име на издателя, разпространителя и проч. Прес
Година на издаване 2006
Печатница Пловдив : Делта +
Място на издаване, разпространение и проч. София
300 ## - Физическа характеристика
Страници 64 с.
Илюстрации и др. с цв. ил.
Размери/Мащаб 28 см
380 ## - Жанр
Жанр Детска отраслова лит.
490 ## - СЕРИИ (Колекции)
Име на серия Britannica
9 (RLIN) 203461
490 ## - СЕРИИ (Колекции)
Име на серия Библиотека Знание
№: серия 5
9 (RLIN) 202259
500 ## - Общи забележки
Забележка Ориг. загл. Britannica Learning Library. Science and Nature. - Съдържа и Речник
590 ## - Забележки на библиотеката, притежаваща документа (RLIN)
Служебно Енциклопедия Британика
650 #4 - Допълнително описание по предмет – тема
Основно описание – тема или топоним Природа - енциклопедии и справочници
9 (RLIN) 244561
650 #4 - Допълнително описание по предмет – тема
Основно описание – тема или топоним Наука
9 (RLIN) 163554
653 ## - Ключова дума – ненормативна
Ключова дума природа
653 ## - Ключова дума – ненормативна
Ключова дума наука
700 1# - Други автори (авторска отговорност)
Лично име Михайлова, Михаела
Автороска отговорност (Описва отношението между автора и произведението) прев.
9 (RLIN) 367017
852 ## - Местоположение
Форматна сигнатура Цб ІІ 14180
Фондова буква Хранилище
856 4# - Електронен адрес и достъп
Електронен формат pdf - файл
856 4# - Електронен адрес и достъп
Електронен формат pdf - файл
999 ## - СИСТЕМНИ КОНТРОЛНИ НОМЕРА
Koha biblionumber 66033
Koha biblioitemnumber 66033
942 ## - АРТИКУЛИ
Вид на библиотечния материал Книги
Скрит в OPAC Не
Периодичен библиозапис Да
Koha issues (borrowed), all copies 1
944 ## - СЪЗДАВАНЕ И РЕДАКЦИЯ на ЗАПИСА
Създаване/Редакция Създаване
Дата на регистрацията/редакция 29.12.2006
Служител, извършил регистрацията/редакцията Пенка_Димитрова
944 ## - СЪЗДАВАНЕ И РЕДАКЦИЯ на ЗАПИСА
Създаване/Редакция Редакция
Дата на регистрацията/редакция 09.08.2007
999 ## - СИСТЕМНИ КОНТРОЛНИ НОМЕРА
Koha biblioitemnumber 66033
999 ## - СИСТЕМНИ КОНТРОЛНИ НОМЕРА
Koha biblioitemnumber 66033
Наличности
Код за отписване Код за изгубен артикул Код за повреда Коз за рестрикции Код за отдаване Артикулен № Име на библиотеката - собственик Име на библиотеката, в която се намира в момента Статус (Текущо местоположение) Дата на вписване в системата Местоположение - отдел Цена в лева Инвентарен номер Систематично азбучна сигнатура Баркод Номер на екземпляра Цена в евро Служебна бележка Служебен тип на артикула Източник на класификационната схема
  Не е изгубен Не е повреден без рестрикции заемане за дома 109121 Регионална библиотека "Любен Каравелов" Русе Регионална библиотека "Любен Каравелов" Русе Детски отдел 2006-12-29 Детски отдел 6.00 120000708067 Д 50/Н 31 120000708067 1 3.07 Дост: Pk Вид: Ф N: 733 Дата: 18.12.2006 Дата инв: 19.08.2015 Бележки инв: Д2015 Книги  
  Не е изгубен Не е повреден само за читалня ползва се в читалня 109122 Регионална библиотека "Любен Каравелов" Русе Регионална библиотека "Любен Каравелов" Русе Хранилище 2007-08-08 Хранилище 6.00 120000716376 Цб ІІ 14180 120000716376 2 3.07 Дост: Dp Вид: Д N: 13 Дата: 08.03.2007 Книги Universal Decimal Classification
Vip Innovations Ltd, Rousse, Bulgaria 2025